000 00653nam a22001817a 4500
005 20251108171015.0
008 250721s1997 xx 000 0 ara d
082 1 4 _a331.13/رمز
100 1 _aرمزي، زكي
245 1 0 _aالإقتصاد السياسي للبطالة :
_bتحليل لأخطر مشكلات الرأسمالية المعاصرة /
264 1 _aالكويت :
_bالمجلس الوطني للثقافة و الفنون و الأداب،
_c1997.
300 _a519ص
490 0 _aعالم المعرفة ؛ 226
650 1 7 _aالبطالة
650 1 7 _aالإقتصاد السياسي
942 _2ddc
_cBK
999 _c54215
_d54215